[Event "Moscow Open A 2016"]
[Site "Moscow RUS"]
[Date "2016.02.04"]
[Round "6.60"]
[White "Lomasov, Semen"]
[Black "Anchutin, Nikita"]
[Result "1-0"]
[WhiteTitle "FM"]
[WhiteElo "2344"]
[BlackElo "2098"]
[WhiteFideId "24164879"]
[BlackFideId "34129895"]
[EventDate "2016.01.30"]

1. e4 c5 2. Nf3 d6 3. d4 cxd4 4. Nxd4 Nf6 5. Nc3 a6 6. Be3 e6 7. g4 b5 8. g5
Nfd7 9. Qd2 Bb7 10. a3 Nb6 11. f4 N8d7 12. Qf2 Rc8 13. f5 exf5 14. Nxf5 Rxc3 15.
bxc3 Bxe4 16. Bg2 Bxf5 17. Qxf5 Be7 18. O-O O-O 19. h4 Nc5 20. Rae1 Qc7 21. Kh1
Bd8 22. Bd4 Qd7 23. Qxd7 Ncxd7 24. Bb7 Nc4 25. Bxa6 Nxa3 26. Re2 Nc4 27. Bxb5
Nde5 28. Rf4 Nb6 29. c4 Nbxc4 30. Bxc4 Nxc4 31. Bxg7 Kxg7 32. Rxc4 Bb6 33. Rf4
Ba5 34. Rf6 Bb4 35. Kg2 Rc8 36. Rf4 Bc3 37. Re7 Rf8 38. Kf3 Kg6 39. Kg4 Be5 40.
h5+ Kg7 41. Rf3 Bd4 42. Rc7 Be5 43. Rf5 Bh2 44. c4 Kg8 45. g6 hxg6 46. hxg6 fxg6
47. Rxf8+ Kxf8 48. Kg5 Ke8 49. Rh7 Be5 50. Kxg6 Kd8 51. Kf5 Bd4 52. Ke6 Bc5 53.
Kd5 Kc8 54. Kc6 Kb8 55. Rd7 Kc8 56. Rxd6 Bxd6 57. Kxd6 Kb7 58. c5 Kc8 59. Kc6 1-0

[Event "Moscow Open A 2016"]
[Site "Moscow RUS"]
[Date "2016.02.04"]
[Round "6.61"]
[White "Solovjev, Nikolay2"]
[Black "Kharchenko, Alexey"]
[Result "1/2-1/2"]
[WhiteTitle "FM"]
[WhiteElo "2332"]
[BlackElo "2136"]
[WhiteFideId "24112127"]
[BlackFideId "24183296"]
[EventDate "2016.01.30"]

1. Nf3 d5 2. g3 Nf6 3. Bg2 c6 4. O-O Bg4 5. d4 Nbd7 6. Ne5 Bh5 7. c4 e6 8. f4
Be7 9. Nc3 O-O 10. h3 Bg6 11. e3 Nxe5 12. dxe5 Ne4 13. Nxe4 Bxe4 14. Bxe4 dxe4
15. Qc2 Qd3 16. Qxd3 exd3 17. Bd2 a5 18. Rfd1 Rfd8 19. Bc3 Bc5 20. Kf2 Kf8 21.
a3 Ke7 22. b4 axb4 23. axb4 Rxa1 24. Rxa1 d2 25. Rd1 Rd3 26. Bxd2 Bxe3+ 27. Ke2
Rxd2+ 28. Rxd2 Bxd2 29. Kxd2 b6 30. Ke3 Kd7 31. Ke4 c5 32. b5 Ke7 33. g4 Kf8 34.
f5 g6 35. Kf4 h6 36. h4 Kg7 37. Kf3 Kf8 38. Kg3 Kg7 39. Kf4 Kf8 40. h5 exf5 41.
gxf5 g5+ 42. Ke4 Ke7 43. Kf3 Kd7 44. Ke4 Ke7 45. Kf3 Kd7 46. Ke3 Ke7 47. Ke4 Kd7
48. Kd5 Ke7 49. Ke4 Kd7 50. Kf3 Ke7 51. Ke3 Kd7 52. Ke4 1/2-1/2

[Event "Moscow Open A 2016"]
[Site "Moscow RUS"]
[Date "2016.02.04"]
[Round "6.62"]
[White "Parvanyan, Ashot"]
[Black "Oganisian, Roman"]
[Result "0-1"]
[BlackTitle "FM"]
[WhiteElo "2197"]
[BlackElo "2328"]
[WhiteFideId "13307550"]
[BlackFideId "4153006"]
[EventDate "2016.01.30"]

1. e4 c5 2. Nf3 d6 3. d4 cxd4 4. Nxd4 Nf6 5. Nc3 a6 6. Be3 e6 7. g4 h6 8. Bg2 e5
9. Nf5 g6 10. Qe2 gxf5 11. exf5 Rg8 12. h3 Qe7 13. Qc4 Nbd7 14. O-O-O Rb8 15.
Rhe1 b5 16. Qc7 Qd8 17. Qa7 Qa5 18. f4 b4 19. fxe5 bxc3 20. exf6 Kd8 21. Bd4
Rxb2 22. Rd3 Rxa2 23. Rxc3 Ra1+ 24. Kd2 Rxe1 25. Kxe1 d5 26. Kf1 Bb4 27. Rd3 Re8
28. Bxd5 Bd6 29. Bc3 Qb5 30. Bxf7 Qb1+ 31. Kf2 Qxc2+ 32. Rd2 Qxc3 33. Rxd6 Qe1+
34. Kf3 Bb7+ 0-1

[Event "Moscow Open A 2016"]
[Site "Moscow RUS"]
[Date "2016.02.04"]
[Round "6.63"]
[White "Prikhodko, Anton"]
[Black "Aslanov, Farid"]
[Result "1/2-1/2"]
[BlackTitle "CM"]
[WhiteElo "2326"]
[BlackElo "2089"]
[WhiteFideId "24115150"]
[BlackFideId "13408925"]
[EventDate "2016.01.30"]

1. e3 Nf6 2. a3 e6 3. g4 d5 4. g5 Nfd7 5. h4 Be7 6. Bg2 h6 7. f4 hxg5 8. hxg5
Rxh1 9. Bxh1 c5 10. Qh5 Nc6 11. Nc3 Nf8 12. Qh8 g6 13. Nf3 a6 14. b3 b5 15. Bb2
Bb7 16. Qg8 Qc7 17. Nd1 Bd6 18. Bg7 O-O-O 19. Bf6 Re8 20. Nc3 Kb8 21. Kf2 Qd7
22. Ne5 Nxe5 23. fxe5 Bc7 24. Rf1 Rc8 25. Ke2 b4 26. axb4 cxb4 27. Nb1 a5 28.
Bg7 Ba6+ 29. d3 Qc6 30. Rc1 Nd7 31. Qxf7 Nc5 32. Rd1 a4 33. Qxg6 axb3 34. cxb3
Nxd3 35. Rxd3 Qc2+ 36. Nd2 Rg8 37. Bxd5 Qxd3+ 38. Qxd3 Bxd3+ 39. Kxd3 Rxg7 40.
Bxe6 Bxe5 41. Nf3 Bc3 42. Ke4 Kc7 43. Kd5 Kd8 44. e4 Ra7 45. e5 Ke7 46. Bf5 Ra5+
47. Ke4 Ra2 48. Kf4 Rf2 49. Bg4 Rb2 50. g6 Kf8 51. Be6 Rf2 52. Bd5 Kg7 53. Kf5
Re2 54. Be4 Rf2 55. Bd5 Re2 56. e6 Bf6 57. Bc4 Rg2 58. Bd5 Rf2 59. Kg4 Rg2+ 60.
Kf5 Rxg6 61. Bc4 Rg2 62. Ke4 Kf8 63. Ne1 Rh2 64. Nd3 Bc3 65. Kd5 Ke7 66. Kc6 Rh4
67. Kb5 Rh8 68. Nf4 Kd6 69. Nd5 Rb8+ 70. Ka6 Bd4 1/2-1/2

[Event "Moscow Open A 2016"]
[Site "Moscow RUS"]
[Date "2016.02.04"]
[Round "6.64"]
[White "Taalaibekov, Tagir"]
[Black "Savenkov, Konstantin"]
[Result "0-1"]
[BlackTitle "FM"]
[WhiteElo "2181"]
[BlackElo "2325"]
[WhiteFideId "13801163"]
[BlackFideId "4138600"]
[EventDate "2016.01.30"]

1. d4 Nf6 2. g3 g6 3. Bg2 d5 4. Nf3 Bg7 5. O-O O-O 6. c4 dxc4 7. Na3 c5 8. Nxc4
Be6 9. Nce5 cxd4 10. Nxd4 Bd5 11. Ndf3 Nc6 12. Nxc6 Bxc6 13. Qb3 Ne4 14. Rd1 Qa5
15. Be3 Nd6 16. a4 Rfc8 17. Ng5 Bxg2 18. Rxd6 Qf5 19. Rd7 Bc6 20. Rxe7 Bd5 21.
Qb4 Bf6 22. Qh4 h5 23. g4 Qxg4+ 24. Qxg4 hxg4 25. Rd7 Bc6 26. Rd2 Re8 27. Bf4
Bg7 28. f3 f6 29. Ne4 Bxe4 30. fxe4 Rxe4 31. Bg3 f5 32. Ra3 Rae8 33. Kf1 Rb4 34.
Bd6 Rc4 35. Rb3 Rd8 36. Rxb7 Bd4 37. e3 Bxe3 38. Rd3 Bf4 39. Bxf4 Rxd3 40. Be5
Rc2 41. Ke1 Re3+ 42. Kd1 Rc6 43. Bc3 Rd6+ 44. Kc1 a6 45. a5 Re2 46. Rg7+ Kf8 47.
Rh7 Ke8 48. Bb4 Rc6+ 49. Kb1 f4 50. Rh8+ Kd7 51. Rh7+ Kd8 52. Rf7 f3 53. Ka2
Rxh2 0-1

[Event "Moscow Open A 2016"]
[Site "Moscow RUS"]
[Date "2016.02.04"]
[Round "6.65"]
[White "Kovtunenko, Alexandr"]
[Black "Rychkov, Oleg"]
[Result "0-1"]
[BlackTitle "FM"]
[WhiteElo "2158"]
[BlackElo "2323"]
[WhiteFideId "4144597"]
[BlackFideId "4122852"]
[EventDate "2016.01.30"]

1. e4 c5 2. Nf3 Nc6 3. d4 cxd4 4. Nxd4 Nf6 5. Nc3 d6 6. Bg5 e6 7. Qd2 h6 8. Bxf6
gxf6 9. O-O-O a6 10. Kb1 Bd7 11. f4 Qb6 12. Nde2 Na5 13. Ng3 h5 14. f5 h4 15.
fxe6 fxe6 16. Nf5 exf5 17. Nd5 Qd8 18. exf5 Nc6 19. g4 Ne5 20. g5 fxg5 21. f6 g4
22. Qg5 Be6 23. Bg2 Rh7 24. Rhe1 Rc8 25. Be4 Rh6 26. Bf5 Bxf5 27. Qxf5 Kf7 28.
Ne7 Rc5 29. Qf4 Rxf6 30. Nf5 Nf3 31. Qxg4 Rcxf5 32. Re3 Bh6 33. Red3 Ne5 34. Qb4
Nxd3 35. Qxb7+ Kf8 36. cxd3 Rf1 0-1

[Event "Moscow Open A 2016"]
[Site "Moscow RUS"]
[Date "2016.02.04"]
[Round "6.66"]
[White "Mustafin, Andrey"]
[Black "Igonin, Temur"]
[Result "1-0"]
[BlackTitle "FM"]
[WhiteElo "2241"]
[BlackElo "2498"]
[WhiteFideId "13406744"]
[BlackFideId "14203049"]
[EventDate "2016.01.30"]

1. e4 c5 2. a3 g6 3. b4 Bg7 4. Nc3 d6 5. Nf3 Nc6 6. Rb1 e6 7. bxc5 dxc5 8. Bc4
Nf6 9. O-O O-O 10. d3 Ne8 11. Ne2 Nd6 12. Ba2 b6 13. Bg5 Qd7 14. Qc1 Ba6 15. Ng3
Rfc8 16. Bh6 Bh8 17. Rd1 Nd4 18. c3 Nxf3+ 19. gxf3 Nb7 20. f4 Na5 21. Qe3 Bxc3
22. e5 Bb7 23. Nh5 Qc6 24. Nf6+ Kh8 25. Ne4 f5 26. exf6 Bxf6 27. Kf1 Bd4 28. Qh3
c4 29. Ng5 cxd3 30. Bg7+ Kxg7 31. Qxh7+ 1-0

[Event "Moscow Open A 2016"]
[Site "Moscow RUS"]
[Date "2016.02.04"]
[Round "6.67"]
[White "Demianjuk, Alexander"]
[Black "Shandrygin, Nikita"]
[Result "0-1"]
[WhiteElo "2388"]
[BlackElo "2236"]
[WhiteFideId "4134249"]
[BlackFideId "24198668"]
[EventDate "2016.01.30"]

1. Nf3 Nf6 2. g3 g6 3. b3 Bg7 4. Bb2 O-O 5. Bg2 d5 6. c4 c6 7. O-O Bg4 8. d3
Nbd7 9. Nbd2 Re8 10. Rc1 dxc4 11. Nxc4 a5 12. Qd2 Be6 13. Rfd1 Bxc4 14. bxc4 e5
15. Rb1 Qc7 16. Ba3 Rad8 17. Ng5 Bf8 18. Bb2 Nc5 19. Bc3 b6 20. f4 Bh6 21. Ba1
Nh5 22. fxe5 Qe7 23. h4 Ne6 24. Qe3 Nhg7 25. Bxc6 Nf5 26. Qxb6 Nxg5 27. Bxe8 Ne6
28. Qc6 Rxe8 29. Rb7 Qf8 30. Rf1 Re7 31. Rxe7 Qxe7 32. Qa8+ Kg7 33. Qf3 Be3+ 34.
Kh2 h5 35. Qe4 Qc5 36. Qd5 Qa3 37. c5 Bxc5 38. e4 Ne3 0-1

[Event "Moscow Open A 2016"]
[Site "Moscow RUS"]
[Date "2016.02.04"]
[Round "6.68"]
[White "Egorov, Pavel"]
[Black "Yandarbiev, Ruslan"]
[Result "1-0"]
[BlackTitle "IM"]
[WhiteElo "2207"]
[BlackElo "2368"]
[WhiteFideId "24122637"]
[BlackFideId "4115023"]
[EventDate "2016.01.30"]

1. d4 Nf6 2. c4 g6 3. Nc3 Bg7 4. e4 d6 5. Nf3 O-O 6. Be2 e5 7. O-O Nc6 8. d5 Ne7
9. b4 Nh5 10. Re1 h6 11. Bf1 f5 12. Nd2 fxe4 13. Ndxe4 Nf5 14. c5 Nf6 15. b5
Nxe4 16. Nxe4 Rf7 17. a4 Nd4 18. cxd6 cxd6 19. Ra3 Bf5 20. Rg3 Kh7 21. Bd3 Rc8
22. h4 Bf8 23. h5 Rg7 24. hxg6+ Rxg6 25. Qh5 Qe8 26. Nxd6 Bxd6 27. Bxf5 Nxf5 28.
Qxf5 Rc4 29. Ba3 Bxa3 30. Rxe5 Qg8 31. Re6 1-0

[Event "Moscow Open A 2016"]
[Site "Moscow RUS"]
[Date "2016.02.04"]
[Round "6.69"]
[White "Selivanov, Ivan"]
[Black "Alikulov, Elbek"]
[Result "0-1"]
[BlackTitle "IM"]
[WhiteElo "2210"]
[BlackElo "2365"]
[WhiteFideId "24199060"]
[BlackFideId "14203308"]
[EventDate "2016.01.30"]

1. e4 c5 2. Nf3 d6 3. d4 cxd4 4. Nxd4 Nf6 5. Nc3 a6 6. Bg5 Nbd7 7. Qe2 h6 8. Bh4
b5 9. O-O-O e6 10. f4 g5 11. fxg5 hxg5 12. Bxg5 Bb7 13. a3 Rc8 14. Qe3 Rc5 15.
Nf3 Qc7 16. Rd3 Bg7 17. Qf4 e5 18. Qe3 b4 19. axb4 Rc4 20. Nd2 Rxb4 21. Bxf6
Nxf6 22. Qg5 Kf8 23. Rg3 Nh5 24. Rf3 Bh6 25. Qh4 Qa5 26. Bd3 Nf4 27. Qf6 Rh7 28.
Qxd6+ Kg7 29. Rg3+ Ng6 30. Rf1 Bf4 31. Rh3 Rxh3 32. gxh3 Qa1+ 33. Nb1 Qxb2+ 34.
Kd1 Rd4 35. Qb8 Rb4 36. Qc7 Bxe4 37. Bxe4 Rxe4 38. Nxe4 Qc1+ 39. Ke2 Qe3+ 40.
Kd1 Qxe4 41. Qc3 Bxh2 42. Nd2 Qb7 43. h4 Qd5 44. Qf3 Qd7 45. Qg2 Bf4 46. h5 Bxd2
47. Qxd2 Qg4+ 48. Qe2 Qd4+ 49. Ke1 Qa1+ 50. Kd2 Qa5+ 51. c3 Nf4 52. Qg4+ Kh6 53.
Rg1 Qd8+ 54. Kc2 Qf6 55. Kb1 Ne6 56. Qg2 a5 57. Qe4 Ng5 58. Qe3 a4 59. c4 Qf5+
60. Kb2 f6 61. c5 Qd7 62. Rc1 Qc6 63. Ka3 Kxh5 64. Qd3 Ne4 65. Qh3+ Kg6 66. Rg1+
Ng5 67. Kb4 e4 68. Qg3 Qd5 69. Qd6 Qb3+ 70. Ka5 a3 71. c6 a2 72. c7 Qb7 73. Qc5
Qc8 74. Kb6 Kf7 75. Rh1 Ne6 76. Qd6 Qxc7+ 77. Qxc7+ Nxc7 78. Kxc7 Ke6 79. Ra1
Kd5 80. Rxa2 e3 81. Re2 Ke4 82. Kd6 f5 0-1

[Event "Moscow Open A 2016"]
[Site "Moscow RUS"]
[Date "2016.02.04"]
[Round "6.70"]
[White "Ahmadzada, Ahmad"]
[Black "Golubev, Roman"]
[Result "0-1"]
[WhiteTitle "CM"]
[BlackTitle "FM"]
[WhiteElo "2203"]
[BlackElo "2365"]
[WhiteFideId "13413007"]
[BlackFideId "14202344"]
[EventDate "2016.01.30"]

1. e4 e5 2. Nf3 Nc6 3. Bb5 a6 4. Ba4 Nf6 5. Qe2 b5 6. Bb3 Be7 7. O-O O-O 8. c3
d5 9. exd5 Nxd5 10. Nxe5 Nxe5 11. Qxe5 Nf6 12. d4 Bd6 13. Qe2 Re8 14. Qf3 Bg4
15. Qc6 Rb8 16. Bg5 h6 17. Bxf6 Qxf6 18. Qd5 c6 0-1

[Event "Moscow Open A 2016"]
[Site "Moscow RUS"]
[Date "2016.02.04"]
[Round "6.71"]
[White "Kalinin, Nikita"]
[Black "Maximov, Oleg"]
[Result "1-0"]
[WhiteElo "2200"]
[BlackElo "2333"]
[WhiteFideId "24155390"]
[BlackFideId "4176960"]
[EventDate "2016.01.30"]

1. e4 c5 2. Nf3 g6 3. d4 Bg7 4. Nc3 cxd4 5. Nxd4 Nc6 6. Be3 d6 7. Qd2 Nf6 8. f3
O-O 9. Bc4 Bd7 10. O-O-O Na5 11. Bb3 Nxb3+ 12. cxb3 Qa5 13. Kb1 Rfc8 14. Rc1 b5
15. Rc2 b4 16. Nce2 e5 17. Rxc8+ Rxc8 18. Nc2 d5 19. Qxb4 Qxb4 20. Nxb4 dxe4 21.
Rc1 exf3 22. Rxc8+ Bxc8 23. gxf3 a6 24. Nd3 Nd5 25. Bd2 Bf5 26. Kc2 e4 27. fxe4
Bxe4 28. Ng3 Bg2 29. Nc5 f5 30. Kd3 Be5 31. Ke2 f4 32. Nf1 Nc7 33. Nd3 f3+ 34.
Kf2 Bd4+ 35. Ne3 Nd5 36. Ne1 Bh1 37. Nxf3 Bxf3 38. Kxf3 Nxe3 39. Bxe3 Bxb2 40.
Ke4 Kf7 41. Kd5 Bc3 42. Bc5 g5 43. b4 g4 44. a4 h5 45. a5 h4 46. b5 g3 47. hxg3
h3 48. Bg1 Bxa5 49. bxa6 Bb6 50. Bh2 Kf6 51. Ke4 Kg5 52. Kf3 Ba7 53. g4 Kh4 54.
Bc7 Kg5 55. Bd8+ 1-0

[Event "Moscow Open A 2016"]
[Site "Moscow RUS"]
[Date "2016.02.04"]
[Round "6.72"]
[White "Tolstikh, Nikolay"]
[Black "Obgolts, Erik"]
[Result "1-0"]
[WhiteTitle "IM"]
[WhiteElo "2332"]
[BlackElo "2220"]
[WhiteFideId "4106350"]
[BlackFideId "24199044"]
[EventDate "2016.01.30"]

1. Nf3 Nf6 2. c4 g6 3. Nc3 Bg7 4. g3 O-O 5. Bg2 d6 6. d4 Nc6 7. O-O a6 8. Bf4
Rb8 9. Rc1 Bd7 10. Qd2 b5 11. Nd5 bxc4 12. Nxf6+ Bxf6 13. Rxc4 e5 14. Bh6 Re8
15. Rfc1 Nxd4 16. Nxd4 exd4 17. Rxc7 Rc8 18. Rxc8 Bxc8 19. Bf3 Bd7 20. b3 Qb6
21. h4 Rc8 22. Rxc8+ Bxc8 23. Qc2 Be6 24. Qe4 d5 25. Qf4 Bh8 26. h5 f6 27. Qc1
Qd6 28. Bf4 Qd7 29. Qc5 f5 30. Qb6 Bf6 31. Qxa6 g5 32. Bd6 Kf7 33. Qb6 Qc8 34.
Qa7+ Kg8 35. Bc5 f4 36. gxf4 g4 37. Bg2 Bf7 38. h6 Kh8 39. Qxf7 1-0

[Event "Moscow Open A 2016"]
[Site "Moscow RUS"]
[Date "2016.02.04"]
[Round "6.73"]
[White "Fakhrutdinov, Timur"]
[Black "Kovalev, Egor"]
[Result "1/2-1/2"]
[WhiteTitle "FM"]
[WhiteElo "2320"]
[BlackElo "2210"]
[WhiteFideId "24176702"]
[BlackFideId "24124117"]
[EventDate "2016.01.30"]

1. e4 c5 2. Nf3 e6 3. d4 cxd4 4. Nxd4 Nf6 5. Nc3 d6 6. g4 h6 7. h4 Nc6 8. Rg1 h5
9. gxh5 Nxh5 10. Bg5 Qb6 11. Nb3 a6 12. Be2 g6 13. Qd2 Bd7 14. a4 Qc7 15. a5 Nb4
16. O-O-O Rc8 17. Kb1 Nc6 18. Na2 Ne5 19. Be3 Nc4 20. Bxc4 Qxc4 21. f3 e5 22.
Nc3 Be6 23. Nc1 Nf6 24. Bg5 Nd7 25. Nd5 Bxd5 26. exd5 Be7 27. Rg4 Qc7 28. Nd3
Bd8 29. Ra4 Rh5 30. Re1 Bxg5 31. hxg5 Rxg5 32. f4 Rh5 33. fxe5 Nxe5 34. Rae4 Ke7
35. Qe2 Rch8 36. Nxe5 Rxe5 37. Rxe5+ dxe5 38. Qd2 Qd6 39. Qg5+ Kd7 40. Rxe5 Rh1+
41. Ka2 Qb4 42. Re3 Rh5 43. Qg2 Qxa5+ 44. Kb1 Rxd5 45. Qf3 Kc7 46. Re7+ Rd7 1/2-1/2

[Event "Moscow Open A 2016"]
[Site "Moscow RUS"]
[Date "2016.02.04"]
[Round "6.74"]
[White "Frolov, Ivan"]
[Black "Muradli, Mahammad"]
[Result "0-1"]
[WhiteTitle "FM"]
[BlackTitle "FM"]
[WhiteElo "2318"]
[BlackElo "2204"]
[WhiteFideId "4188012"]
[BlackFideId "13409301"]
[EventDate "2016.01.30"]

1. e4 c5 2. b3 Nc6 3. Bb2 d6 4. Bc4 Nf6 5. Nc3 g6 6. Nd5 Bg7 7. Nxf6+ exf6 8.
Nf3 O-O 9. O-O Ne5 10. Bd5 f5 11. exf5 Nxf3+ 12. Qxf3 Bxb2 13. fxg6 hxg6 14.
Rae1 Bg7 15. Re4 Bf5 16. Rf4 Be5 17. Ra4 b5 18. Ra3 b4 19. Ra4 Bd7 20. Ra6 Bb5 0-1

[Event "Moscow Open A 2016"]
[Site "Moscow RUS"]
[Date "2016.02.04"]
[Round "6.75"]
[White "Tleptsok, Ruslan"]
[Black "Derevianchenko, Ilia"]
[Result "1/2-1/2"]
[WhiteElo "2156"]
[BlackElo "2316"]
[WhiteFideId "24104485"]
[BlackFideId "14104709"]
[EventDate "2016.01.30"]

1. d4 Nf6 2. e3 b6 3. f4 Bb7 4. Nf3 c5 5. c3 g6 6. Bd3 Bg7 7. O-O O-O 8. f5 d5
9. fxg6 fxg6 10. Nbd2 Qd6 11. Qe1 Nbd7 12. e4 dxe4 13. Nxe4 Nxe4 14. Bxe4 Bxe4
15. Qxe4 cxd4 16. cxd4 e5 17. Bg5 Rae8 18. Rae1 h6 19. dxe5 Nxe5 20. Nxe5 Rxe5
21. Rxf8+ Qxf8 22. Qc4+ Kh7 23. Rxe5 Bxe5 24. Bc1 Qd6 25. g3 h5 26. b3 a6 27.
Be3 b5 28. Qf1 Qd5 29. Qg2 Qd1+ 30. Qf1 Qc2 31. Qf2 Qe4 32. Qf7+ Bg7 33. Qf2 Kg8
34. Qd2 Bf6 35. Qf2 Kg7 36. Bh6+ Kf7 37. Bg5 Qb1+ 38. Kg2 Qe4+ 39. Kg1 Qd4 40.
Be3 Qd5 41. Qd2 Ke6 42. Qc2 g5 43. Qc8+ Kf7 44. Qxa6 h4 45. Qa7+ Kg6 46. gxh4
gxh4 47. Qc7 Qd3 48. Kf2 Qe4 49. Qf4 Qc2+ 50. Kf3 Qd1+ 51. Kg2 Qc2+ 52. Kh3 Kf7
53. a4 Qxb3 54. axb5 Qxb5 55. Qc7+ Kg6 56. Qc2+ Kg7 57. Qc7+ Kf8 58. Qc5+ Qxc5
59. Bxc5+ 1/2-1/2

[Event "Moscow Open A 2016"]
[Site "Moscow RUS"]
[Date "2016.02.04"]
[Round "6.76"]
[White "Bryakin, Mikhail"]
[Black "Ioffe, Ilya"]
[Result "1-0"]
[WhiteTitle "FM"]
[WhiteElo "2315"]
[BlackElo "2200"]
[WhiteFideId "4165314"]
[BlackFideId "34134031"]
[EventDate "2016.01.30"]

1. d4 d5 2. c4 c6 3. Nf3 Nf6 4. Qc2 g6 5. g3 Bg7 6. Bg2 O-O 7. O-O Bf5 8. Qb3
Qb6 9. Nc3 Nbd7 10. Re1 dxc4 11. Qxc4 Ne4 12. h3 e5 13. Na4 Qa5 14. g4 Nd6 15.
Qb3 Be6 16. Qd1 exd4 17. Bf4 Nb5 18. Ng5 Bd5 19. Bxd5 cxd5 20. Bd2 Qa6 21. Qb3
Ne5 22. Nc5 Qc6 23. a4 Nd6 24. Nd3 Nec4 25. Bb4 h6 26. Nf3 Rfe8 27. Rac1 Ne4 28.
Qa2 a5 29. Bd2 Qd7 30. Bf4 Nb6 31. Rc7 Qxa4 32. Qxa4 Nxa4 33. Rxb7 Nac5 34. Rb5
Rec8 35. Rc1 Nxd3 36. exd3 Rxc1+ 37. Bxc1 Rc8 38. Bf4 Nc5 39. Ne1 a4 40. Kf1 Rc6
41. Rb4 Kf8 42. Ke2 Ke7 43. Kd2 Ke6 44. Nc2 f5 45. gxf5+ Kxf5 46. Bb8 Na6 47.
Rb7 Nxb8 48. Rxg7 Rb6 49. Kc1 Nc6 50. Rf7+ Kg5 51. Rd7 Nb4 52. Nxb4 Rxb4 53.
Rxd5+ Kh4 54. Rd6 Kxh3 55. Rxg6 h5 56. f4 h4 57. Kc2 Kh2 58. f5 Rb5 59. f6 Rf5
60. b4 Rf2+ 61. Kb1 h3 62. Ka1 Rg2 63. f7 Rxg6 64. f8=Q Kg1 65. Qh8 h2 66. Qxd4+
Kh1 67. Qe4+ Rg2 68. b5 Kg1 69. Qe1# 1-0

[Event "Moscow Open A 2016"]
[Site "Moscow RUS"]
[Date "2016.02.04"]
[Round "6.77"]
[White "Allajov, Ramil"]
[Black "Dzhangobegov, Vladimir"]
[Result "0-1"]
[BlackTitle "FM"]
[WhiteElo "2186"]
[BlackElo "2314"]
[WhiteFideId "13402447"]
[BlackFideId "4180984"]
[EventDate "2016.01.30"]

1. d4 g6 2. e4 Bg7 3. g3 d5 4. e5 c5 5. dxc5 Qa5+ 6. Bd2 Qxc5 7. Bc3 Nc6 8. Nf3
Bg4 9. Bg2 Bxf3 10. Bxf3 d4 11. Bd2 Qxe5+ 12. Kf1 Qb5+ 13. Kg2 Qxb2 14. Nc3 dxc3
15. Rb1 Qxa2 16. Rxb7 Na5 17. Bf4 Nxb7 18. Bxb7 Rc8 19. Bxc8 Nf6 20. Bb7 O-O 21.
Qe2 a5 22. Rd1 a4 23. Bf3 e6 24. Be5 Qb2 25. Qc4 Qxc2 26. Qxc3 Qxc3 27. Bxc3 Rc8
28. Be5 Nd5 29. Bd6 h5 30. Rd2 Rc6 31. Ba3 Rc3 32. Bb2 Rc5 33. Ba3 Rc3 34. Bb2
Rc5 35. Ba3 Ra5 36. Rc2 Bf6 37. Rc4 Be7 38. Rc8+ Kg7 39. Bb2+ Bf6 40. Ba3 Ra7
41. Bc5 Ra5 42. Bf8+ Kh7 43. Ba3 Ra7 44. Bc5 Ra6 45. Ba3 Nc3 46. Rc7 Kg7 47. Rb7
Be5 48. Kf1 Kf6 49. h4 Bd4 50. Ke1 e5 51. Kd2 Kg7 52. Bg2 Rf6 53. f3 Ne4+ 54.
Kd3 Nxg3 55. f4 Rxf4 56. Bd5 Ba1 57. Bc5 e4+ 58. Kd2 Rf5 59. Rd7 Be5 60. Rd8 Bf6
61. Rd7 Bxh4 62. Bd4+ Kf8 63. Bc4 Bg5+ 64. Kc2 Bf4 65. Ra7 Be5 66. Bxe5 Rxe5 67.
Rxf7+ Ke8 68. Rg7 g5 69. Kd2 e3+ 70. Kd1 h4 0-1

[Event "Moscow Open A 2016"]
[Site "Moscow RUS"]
[Date "2016.02.04"]
[Round "6.78"]
[White "Morozov, Egor"]
[Black "Klimentov, Evgeny"]
[Result "1-0"]
[WhiteTitle "FM"]
[WhiteElo "2313"]
[BlackElo "2170"]
[WhiteFideId "24102121"]
[BlackFideId "24128899"]
[EventDate "2016.01.30"]

1. e4 c5 2. Nf3 e6 3. d4 cxd4 4. Nxd4 Nf6 5. Nc3 Nc6 6. a3 Qa5 7. Nb3 Qc7 8. Be2
a6 9. f4 d6 10. O-O Be7 11. Be3 b5 12. Bf3 Bb7 13. Qe1 O-O 14. Rd1 b4 15. Na4
bxa3 16. bxa3 Nd7 17. Qf2 Rab8 18. Rd2 Ba8 19. Rfd1 Rfd8 20. Rd3 e5 21. Rc3 Qb7
22. g3 Qb5 23. Nb2 Nc5 24. Nxc5 Qxb2 25. Na4 Qb5 26. Nb6 Nd4 27. Bxd4 exd4 28.
Rb3 Qa5 29. Nxa8 Rxb3 30. cxb3 Rxa8 31. Qxd4 Qxa3 32. Qd5 Rb8 33. Be2 Qxb3 34.
Bc4 Qb6+ 35. Kg2 Rf8 36. Kh3 Qc5 37. Qxc5 dxc5 38. Rd7 Re8 39. Bxa6 Kf8 40. Bc4
Rb8 41. Rc7 Rd8 42. Kg4 Rd6 43. h4 Rd8 44. h5 h6 45. Kf5 Rd6 46. Rb7 g6+ 47.
hxg6 fxg6+ 48. Ke5 h5 49. Rb8+ Rd8 50. Rb6 Kg7 51. Ke6 Bf8 52. Rb7+ Kh6 53. Kf7
Bg7 54. Rb6 Rf8+ 55. Ke7 Kh7 56. Bf7 Rc8 57. Bxg6+ Kh8 58. Kd7 Ra8 59. Rc6 Bf8
60. Bxh5 Ra3 61. g4 Re3 62. Bg6 Rg3 63. Bf5 Rf3 64. Ke6 Rxf4 65. Kf7 c4 66. Kxf8 1-0

[Event "Moscow Open A 2016"]
[Site "Moscow RUS"]
[Date "2016.02.04"]
[Round "6.79"]
[White "Mustaps, Matiss"]
[Black "Loginov, Anton"]
[Result "1/2-1/2"]
[WhiteTitle "FM"]
[WhiteElo "2308"]
[BlackElo "2149"]
[WhiteFideId "11602295"]
[BlackFideId "4125134"]
[EventDate "2016.01.30"]

1. e4 c5 2. Nf3 d6 3. d4 cxd4 4. Nxd4 Nf6 5. Nc3 Nc6 6. Bc4 e5 7. Nf5 Be6 8. Bb3
Nxe4 9. Nxg7+ Bxg7 10. Nxe4 d5 11. Ng5 O-O 12. c3 h6 13. Nxe6 fxe6 14. Qg4 Qf6
15. Be3 Rae8 16. f3 e4 17. O-O Ne5 18. Qg3 exf3 19. gxf3 Nc6 20. Kh1 Kh8 21.
Rae1 d4 22. Bd2 e5 23. Bc2 dxc3 24. Bxc3 Nd4 25. Be4 Rb8 26. Rg1 Ne6 27. Bd5 Nf4
28. Qxg7+ Qxg7 29. Rxg7 Kxg7 30. Bxe5+ Kg6 31. Be4+ Kh5 32. Bxb8 Rxb8 33. Rg1
Rd8 34. h4 Rd4 35. Rg7 a5 36. Kh2 Rd2+ 37. Kg1 Ne2+ 38. Kf1 Kxh4 39. Ke1 Rxb2
40. Rg2 Rxa2 41. Rxe2 Rxe2+ 42. Kxe2 b5 43. f4 Kg4 44. Ke3 a4 45. Bc2 a3 46.
Bd1+ Kf5 47. Bc2+ Kf6 48. Bb3 Kf5 1/2-1/2

[Event "Moscow Open A 2016"]
[Site "Moscow RUS"]
[Date "2016.02.04"]
[Round "6.80"]
[White "Popov, Kirill"]
[Black "Karayev, Kanan"]
[Result "0-1"]
[WhiteTitle "FM"]
[BlackTitle "CM"]
[WhiteElo "2305"]
[BlackElo "2140"]
[WhiteFideId "24157457"]
[BlackFideId "13406671"]
[EventDate "2016.01.30"]

1. e4 c5 2. Nf3 d6 3. d4 cxd4 4. Nxd4 Nf6 5. Nc3 g6 6. Be3 Bg7 7. f3 a6 8. Qd2
h5 9. Bc4 b5 10. Bb3 Bb7 11. O-O Nbd7 12. a4 b4 13. Nce2 e5 14. Qxb4 exd4 15.
Bxd4 Qc7 16. Nf4 Bh6 17. g3 h4 18. Rad1 Rd8 19. Be3 hxg3 20. hxg3 Ne5 21. Bb6
Qd7 22. Ne6 fxe6 23. Bxd8 Be3+ 24. Kg2 Bc5 25. Qxc5 dxc5 26. Rxd7 Nfxd7 27. Bg5
c4 28. Ba2 Rf8 29. Bf4 g5 30. Bxg5 Nxf3 31. Bh6 Rf7 32. Bxc4 Bxe4 33. Bd3 Ne1+
34. Kg1 Nxd3 35. Rxf7 Kxf7 36. cxd3 Bc6 37. Kf2 Bxa4 38. Bf4 e5 39. Bd2 Ke6 40.
Ke3 Kd5 41. g4 Nf6 42. g5 Ng4+ 43. Ke2 Ke6 44. g6 Bc6 45. Bg5 Bd5 46. g7 Kf7 47.
Kd2 Kxg7 48. Kc3 Nf2 49. Bh4 Nd1+ 50. Kc2 Ne3+ 51. Kc3 Bc6 52. Bg5 Ng4 53. d4 e4
54. Kc4 e3 55. d5 e2 56. Bd2 Bb5+ 57. Kd4 Kf6 58. Bc3 Kf5 59. d6 Kf4 60. Kd5
Nf6+ 0-1